[Event "World Senior chT-65 2019"]
[Site "Rhodes"]
[Date "2019.04.19"]
[Round "4.33"]
[White "Jones, Iolo C"]
[Black "Rooze, Jan"]
[Result "0-1"]
[WhiteElo "2187"]
[BlackElo "2261"]
[PlyCount "114"]
[EventDate "2019.04.16"]
[EventType "team-tourn"]
[EventCountry "GRE"]
[TimeControl "40/5400+30:1800+30"]

1. c4 {[%emt 0:00:00]} c5 {[%emt 0:00:00]} 2. g3 {[%emt 0:00:03]} Nc6 {[%emt 0:00:00]} 3. Bg2 {[%emt 0:00:29]} g6 {[%emt 0:00:05]} 4. Nc3 {[%emt 0:00:47]} Bg7 {[%emt 0:00:04]} 5. e3 {[%emt 0:01:30]} Nh6 {[%emt 0:09:33]} 6. Nge2 {[%emt 0:02:28]} Nf5 {[%emt 0:01:30]} 7. O-O {[%emt 0:04:52]} a6 {[%emt 0:03:48]} 8. d3 {[%emt 0:04:48]} Rb8 {[%emt 0:00:27]} 9. Na4 {[%emt 0:14:39]} d6 {[%emt 0:09:10]} 10. Nac3 {[%emt 0:01:55]} Bd7 {[%emt 0:00:39]} 11. a4 {[%emt 0:03:33]} O-O {[%emt 0:00:24]} 12. Rb1 {[%emt 0:06:56]} Na7 {[%emt 0:15:20]} 13. e4 {[%emt 0:03:51]} Nd4 {[%emt 0:00:24]} 14. Nxd4 {[%emt 0:04:32]} cxd4 {[%emt 0:01:43]} 15. Ne2 {[%emt 0:02:26]} b5 {[%emt 0:00:28]} 16. axb5 {[%emt 0:02:39]} axb5 {[%emt 0:00:13]} 17. b3 {[%emt 0:06:13]} bxc4 {[%emt 0:08:31]} 18. dxc4 {[%emt 0:00:36]} Nc6 {[%emt 0:00:28]} 19. Bd2 {[%emt 0:03:17]} Qb6 {[%emt 0:03:30]} 20. Nf4 {[%emt 0:01:59]} Rfc8 {[%emt 0:03:44]} 21. Nd3 {[%emt 0:02:21]} Na5 {[%emt 0:06:08]} 22. Bb4 {[%emt 0:06:49]} Nb7 {[%emt 0:03:39]} 23. Bd2 {[%emt 0:02:20]} Nc5 {[%emt 0:02:02]} 24. Nxc5 {[%emt 0:01:35]} dxc5 {[%emt 0:00:37]} 25. Re1 {[%emt 0:02:00]} Ra8 {[%emt 0:02:50]} 26. Bf1 {[%emt 0:02:27]} Ra2 {[%emt 0:01:10]} 27. Bd3 {[%emt 0:03:42]} Rca8 {[%emt 0:04:34]} 28. Bg5 {[%emt 0:06:34]} h6 {[%emt 0:04:09]} 29. Bf4 {[%emt 0:01:53]} e5 {[%emt 0:07:48]} 30. Bd2 {[%emt 0:00:42]} h5 {[%emt 0:02:33]} 31. h4 {[%emt 0:02:54]} Qf6 {[%emt 0:00:54]} 32. Be2 {[%emt 0:02:00]} Kh7 {[%emt 0:03:57]} 33. Bg5 {[%emt 0:00:22]} Qb6 {[%emt 0:00:49]} 34. Bf3 {[%emt 0:01:16]} R8a3 {[%emt 0:00:41]} 35. Bc1 {[%emt 0:00:26]} Ra7 {[%emt 0:00:47]} 36. Re2 {[%emt 0:00:34]} Be6 {[%emt 0:01:01]} 37. Reb2 {[%emt 0:01:07]} Rxb2 {[%emt 0:01:06]} 38. Rxb2 {[%emt 0:00:32]} Ra1 {[%emt 0:00:10]} 39. Qd2 {[%emt 0:00:36]} Qb7 {[%emt 0:01:48]} 40. Ra2 {[%emt 0:00:00]} Rb1 {[%emt 0:00:00]} 41. Rb2 {[%emt 0:01:31]} Ra1 {[%emt 0:03:15]} 42. Ra2 {[%emt 0:00:38]} Qxb3 {[%emt 0:02:50]} 43. Rxa1 {[%emt 0:03:01]} Qxf3 {[%emt 0:00:04]} 44. Ra3 {[%emt 0:01:24]} Qxe4 {[%emt 0:00:18]} 45. f3 {[%emt 0:01:19]} Qb1 {[%emt 0:02:45]} 46. Ra5 {[%emt 0:01:45]} Qb3 {[%emt 0:01:56]} 47. Rxc5 {[%emt 0:02:33]} Qxf3 {[%emt 0:00:09]} 48. Qf2 {[%emt 0:01:12]} Qd1+ {[%emt 0:00:27]} 49. Qf1 {[%emt 0:00:29]} Qg4 {[%emt 0:00:10]} 50. Qe1 {[%emt 0:02:32]} Qf3 {[%emt 0:03:30]} 51. Qf2 {[%emt 0:02:11]} Qd1+ {[%emt 0:00:43]} 52. Qf1 {[%emt 0:00:42]} Qb3 {[%emt 0:00:26]} 53. Kh2 {[%emt 0:01:50]} Qb1 {[%emt 0:04:37]} 54. Kg1 {[%emt 0:03:04]} Qb6 {[%emt 0:01:19]} 55. Rb5 {[%emt 0:02:10]} Qc6 {[%emt 0:00:07]} 56. c5 {[%emt 0:01:29]} Bh3 {[%emt 0:04:05]} 57. Qe2 {[%emt 0:01:36]} d3 {[%emt 0:00:18]} 0-1

[Event "World Senior chT-65 2019"]
[Site "Rhodes"]
[Date "2019.04.19"]
[Round "4.34"]
[White "Van de Wynkele, Herman"]
[Black "Waterfield, John W"]
[Result "0-1"]
[WhiteElo "2129"]
[BlackElo "1928"]
[PlyCount "108"]
[EventDate "2019.04.16"]
[EventType "team-tourn"]
[EventCountry "GRE"]
[TimeControl "40/5400+30:1800+30"]

1. e4 {[%emt 0:00:00]} g6 {[%emt 0:00:00]} 2. d4 {[%emt 0:00:00]} Bg7 {[%emt 0:00:00]} 3. Nf3 {[%emt 0:01:52]} c5 {[%emt 0:00:16]} 4. c4 {[%emt 0:01:06]} cxd4 {[%emt 0:00:19]} 5. Nxd4 {[%emt 0:00:11]} Nf6 {[%emt 0:02:32]} 6. Nc3 {[%emt 0:00:38]} O-O {[%emt 0:01:44]} 7. Be2 {[%emt 0:01:12]} Nc6 {[%emt 0:04:30]} 8. Be3 {[%emt 0:00:08]} d6 {[%emt 0:02:51]} 9. O-O {[%emt 0:00:16]} Bd7 {[%emt 0:04:15]} 10. h3 {[%emt 0:01:31]} Nxd4 {[%emt 0:03:31]} 11. Bxd4 {[%emt 0:00:19]} Bc6 {[%emt 0:00:18]} 12. Qc2 {[%emt 0:01:24]} a5 {[%emt 0:02:01]} 13. Rfd1 {[%emt 0:00:44]} Nd7 {[%emt 0:00:22]} 14. Bxg7 {[%emt 0:01:45]} Kxg7 {[%emt 0:00:32]} 15. b3 {[%emt 0:00:16]} Qb6 {[%emt 0:06:11]} 16. Rab1 {[%emt 0:02:23]} Kg8 {[%emt 0:09:06]} 17. a3 {[%emt 0:08:09]} Ne5 {[%emt 0:00:09]} 18. b4 {[%emt 0:02:17]} f5 {[%emt 0:00:55]} 19. exf5 {[%emt 0:05:52]} Rxf5 {[%emt 0:00:21]} 20. Bg4 {[%emt 0:01:06]} Nxg4 {[%emt 0:01:49]} 21. hxg4 {[%emt 0:00:07]} Rf7 {[%emt 0:05:13]} 22. c5 {[%emt 0:07:52]} dxc5 {[%emt 0:03:41]} 23. b5 {[%emt 0:00:37]} Be8 {[%emt 0:03:29]} 24. Nd5 {[%emt 0:05:14]} Qd6 {[%emt 0:07:45]} 25. Qe4 {[%emt 0:04:45]} Kf8 {[%emt 0:08:50]} 26. g5 {[%emt 0:06:14]} Rc8 {[%emt 0:02:55]} 27. Qe3 {[%emt 0:05:21]} Rf5 {[%emt 0:04:31]} 28. Qe4 {[%emt 0:07:16]} Qe5 {[%emt 0:05:10]} 29. Qh4 {[%emt 0:04:57]} Rd8 {[%emt 0:06:25]} 30. Qh6+ {[%emt 0:02:44]} Qg7 {[%emt 0:02:03]} 31. Qxg7+ {[%emt 0:03:12]} Kxg7 {[%emt 0:00:06]} 32. Nc7 {[%emt 0:01:06]} Rxd1+ {[%emt 0:01:27]} 33. Rxd1 {[%emt 0:00:01]} Bf7 {[%emt 0:02:05]} 34. Rd7 {[%emt 0:00:23]} c4 {[%emt 0:02:42]} 35. Rxe7 {[%emt 0:00:36]} Kf8 {[%emt 0:00:08]} 36. Re4 {[%emt 0:10:50]} Rxg5 {[%emt 0:03:21]} 37. b6 {[%emt 0:01:12]} Rc5 {[%emt 0:00:18]} 38. Re8+ {[%emt 0:00:56]} Bxe8 {[%emt 0:01:43]} 39. Ne6+ {[%emt 0:00:02]} Ke7 {[%emt 0:00:12]} 40. Nxc5 {[%emt 0:00:00]} c3 {[%emt 0:00:00]} 41. Kf1 {[%emt 0:01:16]} c2 {[%emt 0:00:37]} 42. Nb3 {[%emt 0:00:11]} Ba4 {[%emt 0:02:41]} 43. Nc1 {[%emt 0:00:10]} Kd6 {[%emt 0:01:00]} 44. Ke2 {[%emt 0:00:14]} Kc5 {[%emt 0:00:19]} 45. Kd3 {[%emt 0:00:59]} Kxb6 {[%emt 0:00:37]} 46. Kd2 {[%emt 0:03:20]} Kc5 {[%emt 0:01:43]} 47. f4 {[%emt 0:00:36]} b5 {[%emt 0:03:29]} 48. g4 {[%emt 0:00:53]} Kd4 {[%emt 0:00:47]} 49. Ne2+ {[%emt 0:02:15]} Ke4 {[%emt 0:00:26]} 50. g5 {[%emt 0:02:21]} b4 {[%emt 0:00:59]} 51. axb4 {[%emt 0:00:08]} axb4 {[%emt 0:00:05]} 52. Nc1 {[%emt 0:00:55]} b3 {[%emt 0:02:12]} 53. Nd3 {[%emt 0:02:58]} Kd4 {[%emt 0:02:12]} 54. Nb2 {[%emt 0:01:47]} Bb5 {[%emt 0:00:19]} 0-1

[Event "World Senior chT-65 2019"]
[Site "Rhodes"]
[Date "2019.04.19"]
[Round "4.35"]
[White "Bevan, Peter M"]
[Black "Van Herck, Marcel"]
[Result "*"]
[WhiteElo "1920"]
[BlackElo "2066"]
[PlyCount "102"]
[EventDate "2019.04.16"]
[EventType "team-tourn"]
[EventCountry "GRE"]
[TimeControl "40/5400+30:1800+30"]

1. c4 {[%emt 0:00:00]} c5 {[%emt 0:03:29]} 2. g3 {[%emt 0:00:03]} Nc6 {[%emt 0:01:12]} 3. Bg2 {[%emt 0:00:17]} g6 {[%emt 0:01:09]} 4. Nc3 {[%emt 0:00:47]} Bg7 {[%emt 0:00:35]} 5. Nf3 {[%emt 0:03:26]} d6 {[%emt 0:02:57]} 6. O-O {[%emt 0:00:42]} e5 {[%emt 0:04:55]} 7. a3 {[%emt 0:00:58]} Be6 {[%emt 0:01:57]} 8. d3 {[%emt 0:00:25]} h6 {[%emt 0:01:39]} 9. Rb1 {[%emt 0:00:23]} f5 {[%emt 0:01:21]} 10. e4 {[%emt 0:02:05]} Nge7 {[%emt 0:02:33]} 11. b4 {[%emt 0:00:39]} Qd7 {[%emt 0:04:30]} 12. b5 {[%emt 0:00:33]} Nd4 {[%emt 0:00:49]} 13. Nxd4 {[%emt 0:00:11]} exd4 {[%emt 0:06:24]} 14. Nd5 {[%emt 0:00:10]} O-O {[%emt 0:09:28]} 15. h4 {[%emt 0:08:27]} Kh7 {[%emt 0:08:52]} 16. Bf4 {[%emt 0:01:46]} Bxd5 {[%emt 0:03:29]} 17. exd5 {[%emt 0:00:17]} Be5 {[%emt 0:02:27]} 18. Qd2 {[%emt 0:00:18]} Bxf4 {[%emt 0:01:42]} 19. Qxf4 {[%emt 0:00:11]} Ng8 {[%emt 0:00:28]} 20. Rfe1 {[%emt 0:00:25]} Rae8 {[%emt 0:00:11]} 21. Re6 {[%emt 0:03:09]} Rf6 {[%emt 0:02:32]} 22. Rbe1 {[%emt 0:04:53]} Re7 {[%emt 0:02:18]} 23. Qd2 {[%emt 0:02:55]} Rfxe6 {[%emt 0:13:18]} 24. dxe6 {[%emt 0:00:25]} Rxe6 {[%emt 0:04:40]} 25. Rxe6 {[%emt 0:00:11]} Qxe6 {[%emt 0:00:03]} 26. Bxb7 {[%emt 0:00:10]} Qe7 {[%emt 0:01:00]} 27. Bf3 {[%emt 0:00:38]} Nf6 {[%emt 0:04:27]} 28. Kf1 {[%emt 0:00:20]} Nd7 {[%emt 0:01:25]} 29. a4 {[%emt 0:01:36]} Ne5 {[%emt 0:00:42]} 30. Bd5 {[%emt 0:02:39]} g5 {[%emt 0:03:31]} 31. hxg5 {[%emt 0:00:28]} hxg5 {[%emt 0:00:04]} 32. Qe2 {[%emt 0:05:56]} g4 {[%emt 0:01:49]} 33. f4 {[%emt 0:01:59]} gxf3 {[%emt 0:01:37]} 34. Bxf3 {[%emt 0:00:03]} Qd8 {[%emt 0:02:05]} 35. Qh2+ {[%emt 0:01:20]} Kg7 {[%emt 0:00:32]} 36. Qh5 {[%emt 0:00:20]} Nxf3 {[%emt 0:03:41]} 37. Qxf3 {[%emt 0:00:49]} Qa5 {[%emt 0:00:38]} 38. Qxf5 {[%emt 0:00:40]} Qxa4 {[%emt 0:00:11]} 39. Ke2 {[%emt 0:03:28]} Qc2+ {[%emt 0:01:18]} 40. Kf3 {[%emt 0:00:00]} Qd1+ {[%emt 0:00:00]} 41. Kf4 {[%emt 0:02:09]} Qf1+ {[%emt 0:07:55]} 42. Ke4 {[%emt 0:00:04]} Qxf5+ {[%emt 0:00:06]} 43. Kxf5 {[%emt 0:00:09]} d5 {[%emt 0:00:02]} 44. cxd5 {[%emt 0:00:28]} c4 {[%emt 0:00:03]} 45. d6 {[%emt 0:01:36]} Kf8 {[%emt 0:01:48]} 46. dxc4 {[%emt 0:00:00]} d3 {[%emt 0:00:09]} 47. c5 {[%emt 0:00:01]} d2 {[%emt 0:00:16]} 48. c6 {[%emt 0:00:04]} d1=Q {[%emt 0:00:09]} 49. c7 {[%emt 0:00:06]} Qd5+ {[%emt 0:00:54]} 50. Kg4 {[%emt 0:00:25]} Qe6+ {[%emt 0:00:16]} 51. Kf3 {[%emt 0:00:15]} Ke8 {[%emt 0:00:08]} *

[Event "World Senior chT-65 2019"]
[Site "Rhodes"]
[Date "2019.04.19"]
[Round "4.36"]
[White "Schrickx, Frank"]
[Black "Harle, Bill"]
[Result "0-1"]
[WhiteElo "1823"]
[BlackElo "1734"]
[PlyCount "98"]
[EventDate "2019.04.16"]
[EventType "team-tourn"]
[EventCountry "GRE"]
[TimeControl "40/5400+30:1800+30"]

1. e4 {[%emt 0:00:00]} c6 {[%emt 0:00:00]} 2. c4 {[%emt 0:00:15]} d6 {[%emt 0:02:18]} 3. d4 {[%emt 0:01:16]} g6 {[%emt 0:01:05]} 4. Nc3 {[%emt 0:00:33]} Bg7 {[%emt 0:00:37]} 5. Be3 {[%emt 0:01:14]} Nd7 {[%emt 0:02:04]} 6. Qd2 {[%emt 0:02:11]} b6 {[%emt 0:06:44]} 7. Be2 {[%emt 0:03:06]} Bb7 {[%emt 0:03:00]} 8. f4 {[%emt 0:04:05]} e5 {[%emt 0:06:29]} 9. fxe5 {[%emt 0:04:20]} dxe5 {[%emt 0:00:25]} 10. d5 {[%emt 0:01:19]} Ngf6 {[%emt 0:02:07]} 11. Bf3 {[%emt 0:06:02]} Rc8 {[%emt 0:06:18]} 12. Nge2 {[%emt 0:03:17]} O-O {[%emt 0:01:38]} 13. O-O {[%emt 0:02:30]} cxd5 {[%emt 0:01:57]} 14. cxd5 {[%emt 0:00:55]} Ba6 {[%emt 0:01:36]} 15. Rfd1 {[%emt 0:04:28]} Ne8 {[%emt 0:01:29]} 16. g4 {[%emt 0:07:24]} Nd6 {[%emt 0:01:10]} 17. Ng3 {[%emt 0:00:41]} Nc4 {[%emt 0:01:33]} 18. Qf2 {[%emt 0:01:05]} Nxe3 {[%emt 0:00:44]} 19. Qxe3 {[%emt 0:00:04]} Qh4 {[%emt 0:01:07]} 20. Kg2 {[%emt 0:05:52]} Bh6 {[%emt 0:00:47]} 21. Qe1 {[%emt 0:00:30]} Nf6 {[%emt 0:02:06]} 22. Nf5 {[%emt 0:05:04]} Qxe1 {[%emt 0:03:51]} 23. Ne7+ {[%emt 0:00:07]} Kg7 {[%emt 0:00:30]} 24. Rxe1 {[%emt 0:00:07]} Rc7 {[%emt 0:02:33]} 25. Nc6 {[%emt 0:01:51]} Bf4 {[%emt 0:00:18]} 26. Ne2 {[%emt 0:02:31]} Bc8 {[%emt 0:00:56]} 27. Nxf4 {[%emt 0:00:38]} exf4 {[%emt 0:00:12]} 28. g5 {[%emt 0:01:28]} Ng4 {[%emt 0:01:12]} 29. Rec1 {[%emt 0:02:47]} f6 {[%emt 0:00:43]} 30. d6 {[%emt 0:01:36]} Ne3+ {[%emt 0:00:43]} 31. Kg1 {[%emt 0:01:51]} Rd7 {[%emt 0:01:45]} 32. gxf6+ {[%emt 0:00:35]} Kxf6 {[%emt 0:00:40]} 33. e5+ {[%emt 0:01:43]} Ke6 {[%emt 0:01:09]} 34. Rc3 {[%emt 0:01:47]} h5 {[%emt 0:02:05]} 35. Ne7 {[%emt 0:06:37]} Bb7 {[%emt 0:04:39]} 36. Nxg6 {[%emt 0:01:10]} Rg8 {[%emt 0:00:18]} 37. Bxh5 {[%emt 0:00:39]} Be4 {[%emt 0:00:10]} 38. Rxe3 {[%emt 0:02:26]} Bxg6 {[%emt 0:01:27]} 39. Bg4+ {[%emt 0:01:42]} Bf5 {[%emt 0:00:02]} 40. Rc3 {[%emt 0:00:00]} Rxg4+ {[%emt 0:00:00]} 41. Kf2 {[%emt 0:02:28]} Kxe5 {[%emt 0:00:45]} 42. Re1+ {[%emt 0:00:26]} Kxd6 {[%emt 0:00:52]} 43. Kf3 {[%emt 0:03:56]} Rh4 {[%emt 0:02:53]} 44. Rd1+ {[%emt 0:01:22]} Ke7 {[%emt 0:00:32]} 45. Re1+ {[%emt 0:02:02]} Kf6 {[%emt 0:02:31]} 46. Rc6+ {[%emt 0:00:32]} Kf7 {[%emt 0:02:23]} 47. Re5 {[%emt 0:01:01]} Rd3+ {[%emt 0:00:30]} 48. Ke2 {[%emt 0:00:24]} Rxh2+ {[%emt 0:00:24]} 49. Ke1 {[%emt 0:00:05]} Bg4 {[%emt 0:02:12]} 0-1

[Event "World Senior chT-65 2019"]
[Site "Rhodes"]
[Date "2019.04.19"]
[Round "4.37"]
[White "Harestad, Thor Geir"]
[Black "Baruch, Andrew J D"]
[Result "0-1"]
[WhiteElo "2200"]
[BlackElo "2039"]
[PlyCount "44"]
[EventDate "2019.04.16"]
[EventType "team-tourn"]
[EventCountry "GRE"]
[TimeControl "40/5400+30:1800+30"]

1. d4 {[%emt 3:26:27]} Nf6 {[%emt 0:00:46]} 2. c4 {[%emt 0:00:07]} e6 {[%emt 0:00:06]} 3. Nf3 {[%emt 0:00:12]} Bb4+ {[%emt 0:00:06]} 4. Bd2 {[%emt 0:00:20]} Qe7 {[%emt 0:00:06]} 5. g3 {[%emt 0:00:08]} O-O {[%emt 0:00:00]} 6. Bg2 {[%emt 0:00:00]} Bxd2+ {[%emt 0:00:00]} 7. Qxd2 {[%emt 0:00:00]} d6 {[%emt 0:10:35]} 8. O-O {[%emt 0:00:25]} e5 {[%emt 0:00:47]} 9. Nc3 {[%emt 0:02:57]} h6 {[%emt 0:05:05]} 10. h3 {[%emt 0:05:36]} e4 {[%emt 0:04:46]} 11. Ne1 {[%emt 0:00:09]} c6 {[%emt 0:05:41]} 12. Nc2 {[%emt 0:00:45]} Bf5 {[%emt 0:00:24]} 13. Qf4 {[%emt 0:09:05]} Bh7 {[%emt 0:02:44]} 14. g4 {[%emt 0:01:42]} Nbd7 {[%emt 0:08:41]} 15. Ne3 {[%emt 0:02:33]} Rae8 {[%emt 0:04:54]} 16. h4 {[%emt 0:10:41]} Kh8 {[%emt 0:03:23]} 17. Bh3 {[%emt 0:03:01]} Ng8 {[%emt 0:03:51]} 18. Qg3 {[%emt 0:04:52]} f5 {[%emt 0:03:05]} 19. gxf5 {[%emt 0:00:48]} Ngf6 {[%emt 0:00:19]} 20. Qh2 {[%emt 0:04:16]} Nh5 {[%emt 0:07:07]} 21. f3 {[%emt 0:15:14]} exf3 {[%emt 0:05:42]} 22. Rxf3 {[%emt 0:01:07]} Qxh4 {[%emt 0:00:17]} 0-1

[Event "World Senior chT-65 2019"]
[Site "Rhodes"]
[Date "2019.04.19"]
[Round "4.38"]
[White "Reuben, Stewart"]
[Black "Steedman, James"]
[Result "1/2-1/2"]
[WhiteElo "1974"]
[BlackElo "2127"]
[PlyCount "40"]
[EventDate "2019.04.16"]
[EventType "team-tourn"]
[EventCountry "GRE"]
[TimeControl "40/5400+30:1800+30"]

1. d4 {[%emt 0:00:00]} Nf6 {[%emt 0:00:00]} 2. c4 {[%emt 0:00:00]} e6 {[%emt 0:00:00]} 3. Nc3 {[%emt 0:00:00]} Bb4 {[%emt 0:00:11]} 4. Bg5 {[%emt 0:00:00]} c5 {[%emt 0:02:50]} 5. d5 {[%emt 0:00:13]} h6 {[%emt 0:01:08]} 6. Bh4 {[%emt 0:00:11]} Bxc3+ {[%emt 0:00:20]} 7. bxc3 {[%emt 0:00:11]} d6 {[%emt 0:00:26]} 8. e3 {[%emt 0:02:15]} Qe7 {[%emt 0:01:32]} 9. Bd3 {[%emt 0:08:43]} g5 {[%emt 0:02:58]} 10. Bg3 {[%emt 0:00:23]} e5 {[%emt 0:01:02]} 11. h4 {[%emt 0:06:42]} Rg8 {[%emt 0:07:54]} 12. hxg5 {[%emt 0:02:23]} hxg5 {[%emt 0:00:27]} 13. e4 {[%emt 0:04:11]} Nbd7 {[%emt 0:04:25]} 14. Nf3 {[%emt 0:06:02]} Nf8 {[%emt 0:02:13]} 15. Qd2 {[%emt 0:01:28]} N6h7 {[%emt 0:10:23]} 16. Rh6 {[%emt 0:05:41]} f6 {[%emt 0:02:58]} 17. O-O-O {[%emt 0:04:06]} Ng6 {[%emt 0:01:58]} 18. Qb2 {[%emt 0:02:36]} Nhf8 {[%emt 0:04:57]} 19. Qb5+ {[%emt 0:06:12]} Qd7 {[%emt 0:03:01]} 20. Kd2 {[%emt 0:03:49]} Qxb5 {[%emt 0:04:07]} 1/2-1/2

[Event "World Senior chT-65 2019"]
[Site "Rhodes"]
[Date "2019.04.19"]
[Round "4.39"]
[White "Melkeraen, Terje"]
[Black "Valentine, Brian J"]
[Result "1/2-1/2"]
[WhiteElo "2006"]
[BlackElo "1954"]
[PlyCount "126"]
[EventDate "2019.04.16"]
[EventType "team-tourn"]
[EventCountry "GRE"]
[TimeControl "40/5400+30:1800+30"]

1. f4 {[%emt 0:01:01]} Nf6 {[%emt 0:00:00]} 2. Nf3 {[%emt 0:00:10]} g6 {[%emt 0:00:08]} 3. b3 {[%emt 0:00:12]} Bg7 {[%emt 0:00:56]} 4. Bb2 {[%emt 0:00:10]} O-O {[%emt 0:00:47]} 5. e3 {[%emt 0:00:09]} d5 {[%emt 0:00:13]} 6. d4 {[%emt 0:01:03]} Nbd7 {[%emt 0:05:06]} 7. Bd3 {[%emt 0:00:10]} c5 {[%emt 0:01:13]} 8. O-O {[%emt 0:01:23]} Qc7 {[%emt 0:05:28]} 9. Qe2 {[%emt 0:03:25]} a6 {[%emt 0:03:23]} 10. a4 {[%emt 0:00:13]} b6 {[%emt 0:00:58]} 11. Nbd2 {[%emt 0:00:51]} Bb7 {[%emt 0:00:08]} 12. Ne5 {[%emt 0:08:18]} Nxe5 {[%emt 0:09:54]} 13. dxe5 {[%emt 0:02:27]} Ne4 {[%emt 0:04:09]} 14. Nxe4 {[%emt 0:01:35]} dxe4 {[%emt 0:00:06]} 15. Bc4 {[%emt 0:00:18]} Rfd8 {[%emt 0:11:10]} 16. Rad1 {[%emt 0:00:45]} Qc6 {[%emt 0:10:30]} 17. Bc3 {[%emt 0:12:01]} a5 {[%emt 0:01:44]} 18. Rd2 {[%emt 0:04:00]} Qc7 {[%emt 0:01:45]} 19. Rfd1 {[%emt 0:00:30]} Bc6 {[%emt 0:00:51]} 20. h3 {[%emt 0:03:31]} Rxd2 {[%emt 0:04:58]} 21. Qxd2 {[%emt 0:00:25]} h5 {[%emt 0:00:22]} 22. g3 {[%emt 0:02:59]} Kf8 {[%emt 0:07:44]} 23. Kf2 {[%emt 0:02:59]} Rc8 {[%emt 0:08:38]} 24. Ba6 {[%emt 0:02:28]} Ra8 {[%emt 0:00:13]} 25. Bc4 {[%emt 0:03:02]} Rc8 {[%emt 0:01:05]} 26. g4 {[%emt 0:16:16]} hxg4 {[%emt 0:01:55]} 27. hxg4 {[%emt 0:00:12]} e6 {[%emt 0:03:06]} 28. Qd6+ {[%emt 0:04:09]} Ke8 {[%emt 0:01:59]} 29. Ba6 {[%emt 0:05:33]} Bf8 {[%emt 0:02:01]} 30. Qxc7 {[%emt 0:02:22]} Rxc7 {[%emt 0:00:03]} 31. Rh1 {[%emt 0:01:01]} Bg7 {[%emt 0:00:57]} 32. Ke2 {[%emt 0:00:32]} Kf8 {[%emt 0:02:57]} 33. Bc4 {[%emt 0:02:19]} Rd7 {[%emt 0:01:32]} 34. Be1 {[%emt 0:01:26]} Kg8 {[%emt 0:03:19]} 35. Bh4 {[%emt 0:00:30]} Kf8 {[%emt 0:00:53]} 36. Bg5 {[%emt 0:01:26]} Kg8 {[%emt 0:00:18]} 37. c3 {[%emt 0:11:41]} Rc7 {[%emt 0:00:48]} 38. Rd1 {[%emt 0:00:45]} Rd7 {[%emt 0:02:43]} 39. Rd6 {[%emt 0:02:44]} Rxd6 {[%emt 0:00:02]} 40. exd6 {[%emt 0:00:00]} Kf8 {[%emt 0:00:00]} 41. Be7+ {[%emt 0:00:49]} Ke8 {[%emt 0:00:28]} 42. Kd2 {[%emt 0:01:46]} Bf8 {[%emt 0:02:57]} 43. Bf6 {[%emt 0:10:28]} Bxd6 {[%emt 0:00:22]} 44. Bf1 {[%emt 0:01:55]} Kd7 {[%emt 0:02:18]} 45. c4 {[%emt 0:02:09]} Be7 {[%emt 0:02:05]} 46. Bc3 {[%emt 0:04:28]} f6 {[%emt 0:00:17]} 47. Bg2 {[%emt 0:00:52]} Ke8 {[%emt 0:02:41]} 48. Ke2 {[%emt 0:00:29]} Kf7 {[%emt 0:00:33]} 49. Be1 {[%emt 0:01:56]} Bd6 {[%emt 0:04:38]} 50. Bh4 {[%emt 0:01:21]} Bc7 {[%emt 0:01:03]} 51. Bh3 {[%emt 0:00:54]} f5 {[%emt 0:00:47]} 52. g5 {[%emt 0:02:59]} e5 {[%emt 0:00:08]} 53. Bg3 {[%emt 0:01:54]} Ke6 {[%emt 0:00:21]} 54. Bf1 {[%emt 0:00:44]} Bd6 {[%emt 0:02:28]} 55. Kd2 {[%emt 0:00:30]} Bf8 {[%emt 0:00:40]} 56. fxe5 {[%emt 0:01:47]} Bg7 {[%emt 0:00:06]} 57. Bf4 {[%emt 0:00:15]} Bxe5 {[%emt 0:00:07]} 58. Be2 {[%emt 0:00:18]} Kd6 {[%emt 0:06:36]} 59. Bd1 {[%emt 0:00:16]} Be8 {[%emt 0:00:07]} 60. Be2 {[%emt 0:00:17]} Bf7 {[%emt 0:00:26]} 61. Bf1 {[%emt 0:00:18]} Be8 {[%emt 0:01:32]} 62. Be2 {[%emt 0:00:08]} Bc6 {[%emt 0:00:06]} 63. Bd1 {[%emt 0:00:11]} Be8 {[%emt 0:00:45]} 1/2-1/2

[Event "World Senior chT-65 2019"]
[Site "Rhodes"]
[Date "2019.04.19"]
[Round "4.40"]
[White "Thynne, Trefor F"]
[Black "Bjorgvik, Jan Arne"]
[Result "1-0"]
[WhiteElo "1907"]
[BlackElo "1779"]
[PlyCount "89"]
[EventDate "2019.04.16"]
[EventType "team-tourn"]
[EventCountry "GRE"]
[TimeControl "40/5400+30:1800+30"]

1. d4 {[%emt 0:00:00]} d5 {[%emt 0:00:00]} 2. c4 {[%emt 0:00:00]} e6 {[%emt 0:00:00]} 3. Nc3 {[%emt 0:00:00]} Nf6 {[%emt 0:00:01]} 4. cxd5 {[%emt 0:00:00]} exd5 {[%emt 0:00:11]} 5. Bg5 {[%emt 0:00:00]} Be7 {[%emt 0:00:53]} 6. Bxf6 {[%emt 0:02:25]} Bxf6 {[%emt 0:00:15]} 7. e3 {[%emt 0:00:23]} O-O {[%emt 0:01:57]} 8. Bd3 {[%emt 0:00:24]} c5 {[%emt 0:01:50]} 9. dxc5 {[%emt 0:14:40]} Qa5 {[%emt 0:01:57]} 10. Nge2 {[%emt 0:02:06]} Bg4 {[%emt 0:04:32]} 11. Qc2 {[%emt 0:03:44]} Bxe2 {[%emt 0:05:47]} 12. Bxe2 {[%emt 0:01:18]} Qxc5 {[%emt 0:03:00]} 13. O-O {[%emt 0:10:11]} Nc6 {[%emt 0:03:26]} 14. Rac1 {[%emt 0:11:19]} d4 {[%emt 0:07:29]} 15. Ne4 {[%emt 0:07:11]} Qxc2 {[%emt 0:04:13]} 16. Nxf6+ {[%emt 0:08:19]} gxf6 {[%emt 0:00:14]} 17. Rxc2 {[%emt 0:00:03]} Kg7 {[%emt 0:04:56]} 18. Bf3 {[%emt 0:07:25]} d3 {[%emt 0:06:43]} 19. Rd2 {[%emt 0:04:24]} Rfd8 {[%emt 0:04:51]} 20. Bxc6 {[%emt 0:01:22]} bxc6 {[%emt 0:00:15]} 21. Rfd1 {[%emt 0:00:04]} Rab8 {[%emt 0:02:18]} 22. b3 {[%emt 0:00:39]} a5 {[%emt 0:01:57]} 23. Rxd3 {[%emt 0:00:37]} Rxd3 {[%emt 0:00:23]} 24. Rxd3 {[%emt 0:00:01]} a4 {[%emt 0:00:29]} 25. Kf1 {[%emt 0:02:42]} axb3 {[%emt 0:01:04]} 26. Rxb3 {[%emt 0:00:52]} Rc8 {[%emt 0:03:14]} 27. Rc3 {[%emt 0:01:52]} Kf8 {[%emt 0:00:42]} 28. Rc5 {[%emt 0:00:57]} Ke7 {[%emt 0:00:40]} 29. Ke2 {[%emt 0:00:18]} Kd6 {[%emt 0:00:32]} 30. Rc4 {[%emt 0:01:11]} Rb8 {[%emt 0:01:45]} 31. Kd3 {[%emt 0:04:05]} Rb2 {[%emt 0:02:37]} 32. Rc2 {[%emt 0:00:38]} Rb4 {[%emt 0:01:32]} 33. Kc3 {[%emt 0:01:01]} Ra4 {[%emt 0:02:11]} 34. Kb3 {[%emt 0:01:16]} Ra5 {[%emt 0:04:26]} 35. a4 {[%emt 0:00:57]} Rd5 {[%emt 0:05:22]} 36. Kb4 {[%emt 0:02:07]} Kc7 {[%emt 0:02:36]} 37. Rc5 {[%emt 0:04:03]} Rd8 {[%emt 0:02:57]} 38. Rf5 {[%emt 0:01:38]} Rd6 {[%emt 0:01:15]} 39. h3 {[%emt 0:03:51]} Kd7 {[%emt 0:05:09]} 40. a5 {[%emt 0:00:00]} Ke6 {[%emt 0:00:00]} 41. g4 {[%emt 0:03:41]} Rd1 {[%emt 0:06:20]} 42. a6 {[%emt 0:03:12]} Rb1+ {[%emt 0:08:22]} 43. Kc5 {[%emt 0:01:56]} Kd7 {[%emt 0:02:30]} 44. a7 {[%emt 0:02:54]} Ra1 {[%emt 0:01:05]} 45. Kb6 {[%emt 0:01:16]} 1-0